Jednou rozkvetu i já. (Záznam č. 34165)

Podrobnosti MARC
000 -Návěští
Řídící pole kódované 24B 01588nam a2200397 i 4500
001 - Kontrolní číslo
Řídící pole proměnné 1337201
003 - Identifikátor kontrolního čísla
Řídící pole proměnné CZ PrSKC
005 - Datum posledního zpracování
Řídící pole 16B 20260415091648.0
007 - Pole pevné délky pro fyzický popis
Řídící pole kódované ta
008 - Údaje pevné délky
Řídící pole kódované 40B 241114s2024 xr a d 6 000 1 cze
020 ## - ISBN
ISBN 9788076796676
040 ## - Zdroj katalogizace-agentura
Agentura původní katalogizace CBA001
Jazyk katalogizace cze
Použitá pravidla popisu rda
041 1# - Kód jazyka
Kód jazyka textu/zvuku, mezititulků cze
Kód jazyka originálu jpn
072 #7 - Kód předmětové kategorie - Konspekt
Předmětová kategorie 741.52
Zpřesnění předmětové kategorie Komiksy. Komiksové adaptace
Zdroj předmětové klasifikace Konspekt
072 #7 - Kód předmětové kategorie - Konspekt
Předmětová kategorie 821-93
Zpřesnění předmětové kategorie Literatura pro děti a mládež (beletrie)
Zdroj předmětové klasifikace Konspekt
080 ## - MDT
Klasifikační znak MDT 741.52(0:82-32)
Idetifikátor vydání MDT MRF
080 ## - MDT
Klasifikační znak MDT 741.52(0:82-322.5)
Idetifikátor vydání MDT MRF
080 ## - MDT
Klasifikační znak MDT 821-93
Idetifikátor vydání MDT MRF
100 1# - Hlavní záhlaví - osobní jméno autora
Osobní jméno Nakatani, Nio,
Datumy související se jménem 1987-
Kód role aut
9 (RLIN) 17179
240 10 - Unifikovaný název
Unifikovaný název <a href="Yagate kimi ni naru.">Yagate kimi ni naru.</a>
Jazyk díla Česky
245 10 - Údaje o názvu
Název Jednou rozkvetu i já.
Číslo části/sekce díla 7 /
Údaj o odpovědností, atd. Nio Nakatani
250 ## - Údaje o vydání
Označení vydání První vydání
264 #1 - Nakladatelské údaje
Místo vydání V Praze :
Nakladatel Crew :
-- Animefest,
Rok vydání 2024
300 ## - Fyzický popis
Rozsah 180 stran :
další fyzické údaje ilustrace ;
Rozměry 19 cm
490 1# - Údaje o edici
Údaje o edici Crew manga
500 ## - Všeobecná poznámka
Text obecné poznámky Přeloženo z japonštiny?
520 2# - Anotace
Anotace, atd. Manga příběh, ve kterém na střední škole rozkvétá romantický příběh dvou dívek.
Rozšířený text anotace Tóko se postavila na vlastní nohy a kráčí vstříc nové budoucnosti. Po boku jí ale tentokrát nestojí Jú. Po dlouhé době, kdy se jenom míjely, spolu Tóko se Sajakou vyrážejí na školní výlet. "Musím se jí vyznat. Už nemůžu dál čekat." Nakladatelská anotace.
655 #7 - Rejstříkový termín - žánr/forma
Žánr/forma či základní termín manga
-- 14003
655 #7 - Rejstříkový termín - žánr/forma
Žánr/forma či základní termín romantické komiksy
-- 13886
655 #7 - Rejstříkový termín - žánr/forma
Žánr/forma či základní termín publikace pro mládež
700 1# - Vedlejší záhlaví - osobní jméno autora
Osobní jméno Uhlířová, Lucie,
Datumy související se jménem 1974-
Kód role trl
9 (RLIN) 20646
700 1# - Vedlejší záhlaví - osobní jméno autora
Osobní jméno Paraiová, Pavlína
Kód role trl
9 (RLIN) 17181
765 08 - Záhlaví v originálním jazyce
Text návěští Překlad názvu:
Název Bloom into you
910 ## - Údaje o vlastníkovi jednotky (exempláře)
Sigla vlastníka jednotky ABG508
Jednotky
Stav ztráty Zdroj klasifikace pro skladování Stav poškození
  Universal Decimal Classification  

Používáme knihovní systém Koha